01171 a2200229 45000010006000000050017000060080041000230030015000640400040000790800056001192450082001752640047002573000025003045050404003290410008007339420007007415900036007481000018007847000018008029990015008209520106008355448820260407155817.0260407a1970 arg spa dAR-UNSa-BCEJYS aAR-UNSa-BCEJYSbspacAR-UNSa-BCEJYS a332.1xEconomía regional. Economía territorial 10aDesarrollo económico regionalpenfoque por cuencas hidrológicas de Mexico 1aMéxico :bSiglo Veintiuno editoresc1970 aviii, 267 p.c21 cm. aI. Política del desarrollo regional en los países menos desarrollados - II. El desarrollo regional en México - III. La preocupación mexicana por el desarrollo regional - IV. Políticas mexicanas de desarrollo regional - V. La cuenca del río Tepalcatepec - VI. El efecto de la comisión del Tepalcatepec sobre la tierra caliente - VII. Una evaluación de las actividades de la comisión aspa cBK aniveau_biblio:m niveau_hierar:01 aBarkin, David1 aKing, Timothy c5587d5587 00104070aBCEJYSbBCEJYSc16d2026-04-07l0o332.1 B256pL53243r2026-04-07 15:58:17w2026-04-07yL